|
|
|
|
| LEADER |
00559nam a22001457a 4500 |
| 020 |
|
|
|a 81-901919-X
|
| 082 |
|
|
|a 170.44
|b CHI/P
|
| 100 |
|
|
|a Kochouseph Chittilappilly
|9 176396
|
| 245 |
|
|
|a Practical Wisdom : in real life & management
|
| 260 |
|
|
|a Cochin
|b V-Guard Industries PVT. LTD.
|c 2003
|
| 300 |
|
|
|a xii+158p.
|
| 650 |
|
|
|a Practical Wisdom : in real life & management
|9 176397
|
| 942 |
|
|
|c BK
|
| 999 |
|
|
|c 190677
|d 190673
|
| 952 |
|
|
|0 0
|1 0
|4 0
|6 170_440000000000000_CHI_P
|7 0
|8 NFIC
|9 191297
|a SMBS
|b SMBS
|c GEN
|d 2015-08-11
|g 180.00
|l 0
|o 170.44 CHI/P
|p SMBS3825
|r 2015-08-11
|w 2015-08-11
|y BK
|